Calidad de vida en pacientes con dialisis peritoneal de una unidad de terapia renal, Cartagena 2015 (Registro nro. 3946)

Detalles MARC
000 -LEADER
fixed length control field 01579nmm a2200325 a 4500
003 - CONTROL NUMBER IDENTIFIER
control field CO-CtgCURN
005 - DATE AND TIME OF LATEST TRANSACTION
control field 20250329165433.0
007 - PHYSICAL DESCRIPTION FIXED FIELD--GENERAL INFORMATION
fixed length control field co cga---uuuuu
008 - FIXED-LENGTH DATA ELEMENTS--GENERAL INFORMATION
fixed length control field 160531s2016 i eng d
040 ## - CATALOGING SOURCE
Original cataloging agency CO-CtgCURN
Language of cataloging spa
Transcribing agency coctgcurn
082 0# - DEWEY DECIMAL CLASSIFICATION NUMBER
Classification number ENF 2016
Item number C387
100 1# - MAIN ENTRY--PERSONAL NAME
Personal name Ceballos Barroso, Gilma.
245 10 - TITLE STATEMENT
Title Calidad de vida en pacientes con dialisis peritoneal de una unidad de terapia renal, Cartagena 2015
Medium [electronic resource] /
Statement of responsibility, etc. Gilma Ceballos Barroso; Cindy Flórez Berrio; Didier Narváez Sánchez; Vanesa Masco Mier; asesor, Zorayda Barrios Puerta.
260 ## - PUBLICATION, DISTRIBUTION, ETC.
Place of publication, distribution, etc. Cartagena de Indias :
Name of publisher, distributor, etc. Corporación Universitaria Rafael Núñez,
Date of publication, distribution, etc. 2016.
300 ## - PHYSICAL DESCRIPTION
Extent 1 CD-Rom :
Other physical details tablas, graficas, formas y formularios.
336 ## - CONTENT TYPE
Source rdacontent
337 ## - MEDIA TYPE
Source rdamedia
Media type term sin mediacion
Media type code n
338 ## - CARRIER TYPE
Source rdacarrier
Carrier type term volumen
Carrier type code nc
502 ## - DISSERTATION NOTE
Dissertation note Trabajo de grado (Enfermera (o)). Corporacion Universitaria Rafael Nuñez. Facultad de Ciencias de la Salud. Programa de Enfermeria, 2016.
504 ## - BIBLIOGRAPHY, ETC. NOTE
Bibliography, etc. note Incluye bibliografia.
590 ## - LOCAL NOTE (RLIN)
Local note Enfemeria
650 #0 - SUBJECT ADDED ENTRY--TOPICAL TERM
Topical term or geographic name entry element Enfermeria
Form subdivision Tesis y disertaciones academicas.
700 1# - ADDED ENTRY--PERSONAL NAME
Personal name Florez Berrio, Cindy.
700 1# - ADDED ENTRY--PERSONAL NAME
Personal name Narvaez Sanchez, Didier.
700 1# - ADDED ENTRY--PERSONAL NAME
Personal name Masco Mier, Vanesa.
700 1# - ADDED ENTRY--PERSONAL NAME
Personal name Barrios Puerta, Zorayda,
Relator term asesor.
856 7# - ELECTRONIC LOCATION AND ACCESS
Uniform Resource Identifier <a href="https://unicurn.sharepoint.com/:b:/s/biblioteca/EY96GkJqhPRDlJfSyjjF9gMBnJDrjXHxSBB634s-ewrd6w?e=VhwLF7">https://unicurn.sharepoint.com/:b:/s/biblioteca/EY96GkJqhPRDlJfSyjjF9gMBnJDrjXHxSBB634s-ewrd6w?e=VhwLF7</a>
Public note Click aqui para ver el recurso en texto completo
942 ## - ADDED ENTRY ELEMENTS (KOHA)
Classification part ENF 2016
Item part C387
Source of classification or shelving scheme Dewey Decimal Classification
Koha item type Trabajos de grado
Existencias
Withdrawn status Lost status Source of classification or shelving scheme Damaged status Not for loan Collection Home library Current library Shelving location Date acquired Cost, normal purchase price Inventory number Total checkouts Full call number Barcode Date last seen Price effective from Koha item type
    Dewey Decimal Classification     Trabajos de grado Miguel Henríquez Emiliani Miguel Henríquez Emiliani Trabajo de grado 03/16/2018 35000.00 020644   ENF 2016 C387 020644 03/16/2018 03/16/2018 Trabajos de grado